Biggest Cities Beginning With 'A' - Statistics

General Stats
  • This quiz has been taken 126 times
    86 since last reset
  • The average score is 43 of 228
Answer Stats
Population Country Answer % Correct
5,107,530 Egypt Alexandria
96%
139,966 United States Alexandria
96%
1,275,857 Jordan Amman
96%
3,517,182 Turkey Ankara
96%
3,273,000 Ethiopia Addis Ababa
94%
2,364,230 Algeria Algiers
94%
2,070,463 Ghana Accra
93%
741,636 Netherlands Amsterdam
91%
1,165,632 Australia Adelaide
88%
664,046 Greece Athens
88%
115,452 United States Athens
88%
1,470,100 New Zealand Auckland
88%
1,275,207 Madagascar Antananarivo
87%
1,235,880 Nigeria Abuja
85%
3,719,710 India Ahmedabad
85%
1,602,264 Syria Aleppo
82%
2,000,900 Kazakhstan Almaty
82%
420,003 United States Atlanta
82%
790,390 United States Austin
82%
4,395,243 Côte d'Ivoire Abidjan
81%
603,492 United Arab Emirates Abu Dhabi
81%
727,700 Turkmenistan Ashgabat
78%
521,600 Paraguay Asunción
72%
1,430,055 India Agra
68%
550,602 Yemen Aden
66%
758,188 Turkey Antalya
62%
237,551 Denmark Århus
60%
380,568 Eritrea Asmara
59%
1,248,988 Turkey Adana
53%
334,757 Spain Alicante
50%
265,208 Germany Aachen
49%
673,479 Mexico Acapulco de Juárez
49%
336,265 United States Anaheim
47%
365,438 United States Arlington, TX
47%
207,627 United States Arlington, VA
47%
545,852 United States Albuquerque
46%
196,670 United Kingdom Aberdeen
44%
500,183 Nigeria Aba
40%
259,196 Germany Augsburg
40%
299,391 Philippines Angeles City
38%
1,504,996 China Ānshān
38%
1,081,900 Peru Arequipa
38%
325,078 United States Aurora, CO
38%
197,899 United States Aurora, IL
38%
337,472 Egypt Aswan
37%
1,092,450 India Amritsar
35%
421,844 Morocco Agadir
32%
1,275,857 Iran Ahvaz
32%
1,073,438 India Allahabad
32%
291,826 United States Anchorage
32%
1,016,441 India Aurangabad
31%
1,074,900 China Ānyáng
29%
550,027 South Korea Anyang
29%
502,533 Russia Astrakhan
29%
122,219 Denmark Aalborg
28%
143,086 France Amiens
28%
459,805 Belgium Antwerpen
28%
722,250 Mexico Aguascalientes
26%
199,110 United States Akron
26%
168,279 France Angers
26%
113,934 United States Ann Arbor
26%
118,032 United States Allentown
24%
190,695 United States Amarillo
24%
425,725 Chile Antofagasta
22%
316,129 South Korea Asan
22%
246,056 Spain A Coruña
21%
416,442 Tanzania Arusha
19%
504,271 India Āsansol
19%
753,207 India Alīgarh
16%
188,810 Spain Almería
16%
141,674 Netherlands Arnhem
15%
106,433 United States Arvada
15%
146,821 France Aix-en-Provence
13%
490,035 United Arab Emirates Ajman
13%
210,000 Turkey Antakya
13%
120,000 Pakistan Abbottabad
12%
117,063 United States Abilene
12%
320,069 Japan Akita
12%
112,969 Turkey Alanya
12%
139,914 Netherlands Amersfoort
12%
570,538 China Ānqìng
12%
654,915 South Korea Ansan
12%
141,397 Canada Abbotsford
10%
664,908 Brazil Aracaju
10%
169,716 Spain Albacete
9%
391,772 Brazil Anápolis
9%
298,394 Japan Aomori
9%
298,394 Japan Aomori
9%
136,670 Netherlands Apeldoorn
9%
356,051 Russia Archangelsk
9%
410,753 Iran Ardabīl
9%
480,516 Egypt Asyut
9%
370,180 Iran Abadan
7%
517,911 India Ajmer
7%
272,465 Qatar Al-Rayyan
7%
178,858 Portugal Amadora
7%
342,703 Algeria Annaba
7%
148,540 Saudi Arabia Arar
7%
224,656 Israel Ashdod
7%
286,787 Turkey Adapazarı
6%
119,677 Canada Ajax
6%
152,201 Turkey Aksaray
6%
262,457 Kazakhstan Aktobe
6%
167,967 Spain Alcorcón
6%
603,837 India Amravati
6%
318,419 Uzbekistan Andijon
6%
503,647 Iran Arāk
6%
247,552 Chile Arica
6%
105,995 Israel Ashkelon
6%
352,735 Nigeria Abeokuta
4%
223,744 Turkey Adıyaman
4%
110,497 Niger Agadez
4%
239,124 Nigeria Akure
4%
204,574 Spain Alcalá de Henares
4%
116,209 Spain Algeciras
4%
617,871 Yemen Al Ḩudaydah
4%
158,907 South Korea Andong
4%
243,158 Russia Angarsk
4%
358,920 China Ānshùn
4%
245,592 Madagascar Antsirabe
4%
169,065 Romania Arad
4%
238,339 Brazil Araraquara
4%
101,475 France Argenteuil
4%
304,764 Colombia Armenia
4%
235,200 Peru Ayacucho
4%
163,022 Turkey Aydın
4%
210,886 Saudi Arabia Abha
3%
356,700 Venezuela Acarigua
3%
146,136 Turkey Afyonkarahisar
3%
107,514 Spain Alcobendas
3%
442,173 Japan Amagasaki
3%
355,596 Indonesia Ambon
3%
242,018 Brazil Americana
3%
138,700 Venezuela Anaco
3%
535,547 Brazil Ananindeua
3%
178,402 Japan Anjō
3%
379,707 China Ānkāng
3%
187,012 South Korea Anseong
3%
549,543 Philippines Antipolo
3%
131,165 Madagascar Antsiranana
3%
590,146 Brazil Aparecida de Goiânia
3%
117,825 Brazil Araguari
3%
233,047 Brazil Arapiraca
3%
146,214 Brazil Araucária
3%
223,676 India Arrah
3%
356,612 Japan Asahikawa
3%
105,087 Brazil Assis
3%
144,088 Brazil Atibaia
3%
159,080 Brazil Abaetetuba
1%
167,289 Russia Abakan
1%
142,420 Egypt Abū Kabīr
1%
144,665 China Acheng
1%
156,122 Nigeria Ado-Ekiti
1%
203,264 India Agartala
1%
367,140 India Ahmadnagar
1%
265,331 India Aizawl
1%
284,872 China Aksu
1%
152,327 Brazil Alagoinhas
1%
323,302 Iraq Al Amarah
1%
176,783 India Alappuzha
1%
116,000 Ukraine Alchevsk
1%
176,432 Netherlands Almere Stad
1%
115,969 Brazil Altamira
1%
112,711 China Altay
1%
283,228 India Alwar
1%
146,787 India Ambāla
1%
165,185 Ecuador Ambato
1%
341,049 India Ambattur
1%
199,382 Iran Āmol
1%
207,044 Brazil Angra dos Reis
1%
198,528 El Salvador Apopa
1%
136,234 Brazil Apucarana
1%
198,129 Brazil Araçatuba
1%
103,101 Brazil Aracruz
1%
183,381 Brazil Araguaína
1%
124,810 Brazil Arapongas
1%
134,293 Brazil Araruama
1%
107,337 Brazil Araxá
1%
199,548 Russia Armavir
1%
102,300 Russia Artëm
1%
159,671 Japan Ashikaga
1%
104,682 Nigeria Awka
1%
100,910 Cote d'Ivoire Abengourou
0%
131,771 Japan Abiko
0%
101,605 Egypt Abnūb
0%
130,603 India Abohar
0%
100,346 Brazil Abreu e Lima
0%
111,278 India Achalpur
0%
117,634 Russia Achinsk
0%
136,788 Sudan Ad-Damazīn
0%
118,526 India Ādilābād
0%
134,188 Indonesia Adiwerna
0%
163,631 India Ādoni
0%
219,401 Japan Ageoshimo
0%
118,652 Colombia Aguachica
0%
116,579 Pakistan Ahmadpur East
0%
116,064 Algeria Aïn Béïda
0%
100,000 India Airoli
0%
140,785 Egypt Akhmīm
0%
428,857 India Akola
0%
425,300 Saudi Arabia Al-Kharj
0%
140,437 Russia Almetyevsk
0%
120,041 Brazil Almirante Tamandaré
0%
290,802 Saudi Arabia Al-Mubarraz
0%
217,368 Malaysia Alor Setar
0%
217,780 India Amarnāth
0%
148,330 Guatemala Amatitlán
0%
109,873 India Ambur
0%
176,253 India Amroha
0%
138,009 India Anand
0%
240,442 India Anantapur
0%
162,964 China Anbu
0%
126,957 Uzbekistan Angren
0%
300,160 China Ānqiū
0%
103,297 Cote d'Ivoire Anyama
0%
127,744 Colombia Apartadó
0%
142,900 Ethiopia Arba Minch
0%
109,523 Brazil Ariquemes
0%
105,845 Indonesia Arjawinangun
0%
109,479 Russia Arzamas
0%
128,058 Japan Asaka
0%
115,973 Egypt Ashmūn
0%
111,475 Russia Ashoknagar Kalyangarh
0%
112,021 Sudan Aṭbarah
0%
229,199 Japan Atsugi
0%
180,000 Kazakhstan Atyrau
0%
250,044 India Āvadi
0%
116,644 India Azamgarh
0%
No matching quizzes found
Score Distribution
Percent of People with Each Score
Percentile by Number Answered
Your Score History
You have not taken this quiz since the last reset